Väkirikkaimmat valtiot vuonna 1900 - Statistics

Yleistilastot
  • Tätä visaa on pelattu 755 kertaa
  • Keskiarvotulos 16 / 22
Vastaustilastot
Väkiluku Valtio % Oikein
415 milj. Kiina
99%
89,6 milj. Yhdysvallat
98%
137 milj. Venäjä
97%
384 milj. Brittiläinen imperiumi
95%
67,1 milj. Saksa
95%
78,9 milj. Ranskan imperiumi
94%
18,7 milj. Espanja
90%
32,0 milj. Italia
89%
42,0 milj. Japani
89%
17,0 milj. Brasilia
86%
12,1 milj. Meksiko
81%
12,5 milj. Portugalin imperiumi
77%
5,8 milj. Argentiina
70%
51,3 milj. Alankomaiden imperiumi
64%
7,0 milj. Persia
64%
51,4 milj. Itävalta-Unkari
62%
6,1 milj. Belgia
60%
30,9 milj. Osmanien valtakunta
53%
12,0 milj. Korea
48%
7,2 milj. Siam
47%
6,6 milj. Romania
32%
8,1 milj. Marokko
18%
Ehtoja vastaavia visoja ei löytynyt
Tulosjakauma
Jokaisen tuloksen saaneiden osuus
Persentiili vastausten määrän mukaan
Tuloshistoriasi
Et ole pelannut tätä visaa